Normal view
MARC view
Entry Personal Name
001 - CONTROL NUMBER
- control field: 12499
003 - CONTROL NUMBER IDENTIFIER
- control field: OSt
005 - DATE AND TIME OF LATEST TRANSACTION
- control field: 20180227191752.0
008 - FIXED-LENGTH DATA ELEMENTS
- fixed length control field: 180227|| aca||aabn | a|a d
040 ## - CATALOGING SOURCE
- Original cataloging agency: OSt
- Transcribing agency: OSt
100 ## - HEADING--PERSONAL NAME
- Personal name: Zelditch, Leah Miriam;Swiderski,L.Donald;[et...al]
670 ## - SOURCE DATA FOUND
- Source citation: Work cat.: (OSt): Zelditch, Leah Miriam;Swiderski,L.Donald;[et...al], Geometric Morphometrics for Biologists., 2004.
